Minecraft Biomes - Statistics

General Stats
  • This quiz has been taken 49 times
    27 since last reset
  • The average score is 30 of 66
Answer Stats
Answer % Correct
Plains
93%
Desert
87%
Savanna
87%
Taiga
87%
Badlands
80%
Forest
80%
Ice Spikes
80%
Jungle
80%
Warm Ocean
80%
Beach
73%
Birch Forest
73%
Dark Forest
73%
Mangrove Swamp
73%
Ocean
73%
Swamp
73%
Cold Ocean
67%
River
67%
Snowy Taiga
67%
The End (Main Land)
67%
Crimson Forest
60%
Jagged Peaks
60%
Warped Forest
60%
Cherry Grove
53%
Deep Ocean
53%
Frozen Ocean
53%
Nether Wastes
53%
Snowy Plains
53%
Soul Sand Valley
53%
Bamboo Jungle
47%
Lukewarm Ocean
47%
Deep Dark
40%
Frozen River
40%
Lush Caves
40%
Meadow
40%
Old Growth Birch Forest
40%
Pale Garden
40%
Basalt Deltas
33%
Deep Cold Ocean
33%
Flower Forest
33%
Grove
33%
Mushroom Fields
33%
Sparse Jungle
33%
Windswept Savanna
33%
Deep Frozen Ocean
27%
Savanna Plateau
27%
Snowy Slopes
27%
Stony Peaks
27%
Stony Shore
27%
Windswept Gravelly Hills
27%
Deep Lukewarm Ocean
20%
Dripstone Caves
20%
End Highlands
20%
End Midlands
20%
Eroded Badlands
20%
Frozen Peaks
20%
Old Growth Pine Taiga
20%
Old Growth Spruce Taiga
20%
Sunflower Plains
20%
The Void
20%
Windswept Hills
20%
Wooded Badlands
20%
End Barrens
13%
Small End Islands
13%
Snowy Beach
13%
Windswept Forest
13%
Noise Caves
0%
No matching quizzes found
Score Distribution
Percent of People with Each Score
Percentile by Number Answered
Your Score History
You have not taken this quiz since the last reset